Central Library OPAC University of Rajshahi

The book of the stock exchange : (Record no. 59438)

MARC details
000 -LEADER
fixed length control field 00808nam a2200217 a 4500
001 - CONTROL NUMBER
control field 59438
003 - CONTROL NUMBER IDENTIFIER
rucl marc code BD-RjUL
005 - DATE AND TIME OF LATEST TRANSACTION
control field 20211209080729.0
008 - FIXED-LENGTH DATA ELEMENTS--GENERAL INFORMATION
fixed length control field 161224s1934 enka 00100 eng d
035 ## - SYSTEM CONTROL NUMBER
System control number (BD-RjUL)59562
040 ## - CATALOGING SOURCE
Original cataloging agency BD-RjUL
Language of cataloging eng
Transcribing agency BD-RjUL
Modifying agency BD-RjUL
041 ## - LANGUAGE CODE
Language code of text/sound track or separate title eng
082 ## - DEWEY DECIMAL CLASSIFICATION NUMBER
Edition number 23
Classification number 332.6420941
Author mark and year ARB 1934
100 1# - MAIN ENTRY--PERSONAL NAME
Personal name Armstrong, F. E.
9 (RLIN) 176772
245 14 - TITLE STATEMENT
Title The book of the stock exchange :
Remainder of title a comprehensive guide to the theory and practice of stock and share transactions and to the business of members of the London and provincial stock exchanges /
Statement of responsibility, etc. by F. E. Armstrong.
260 ## - PUBLICATION, DISTRIBUTION, ETC. (IMPRINT)
Place of publication, distribution, etc. London :
Name of publisher, distributor, etc. Sir Isaac Pitman & Sons, ltd.,
Date of publication, distribution, etc. 1934.
300 ## - PHYSICAL DESCRIPTION
Pagination xiii, 405 p. :
Illustrations ill. ;
Size 25 cm.
500 ## - GENERAL NOTE
General note Includes index
650 #0 - SUBJECT ADDED ENTRY--TOPICAL TERM
Topical term or geographic name as entry element Stock exchanges
Geographic subdivision Great Britain.
9 (RLIN) 176773
942 ## - ADDED ENTRY ELEMENTS (KOHA)
Source of classification or shelving scheme Dewey Decimal Classification
Koha item type Books
Holdings
Lost status Source of classification or shelving scheme Damaged status Not for loan Collection code Permanent Location Current Location Shelving location Date acquired Source of acquisition Cost, normal purchase price Total Checkouts Full call number Date last seen Copy number Koha item type
  Dewey Decimal Classification   Not For Loan Non-fiction Central Library, University of Rajshahi Central Library, University of Rajshahi Reading Room 26/08/1961 Anwar iqbal qureshi, Karachi 15.00   332.6420941 ARB 1934 24/12/2016 C-1 Books